Leader xxxxxxxxxx
001 __ PCLIS00041668
005 __ 20030326182531.0
008 __ chi
010 0_ |a957-612-342-9|b平裝|d新臺幣200元
020 __ |acw|b85000529
090 __ |a(nbi)b11017685
100 __ |a19960115d1996 y0chiy0109 e
101 0_ |achi
102 __ |acw
105 __ |ay z 000cy
200 1_ |a時空之海|e|f陳之藩著
205 __ |a初版
210 __ |a臺北市|c遠東|d民85[1996]
215 0_ |a[9],169面|c|d21公分
225 __ |a|v
260 1_ |a1996
300 __ |a
681 __ |a855|b8765
700 _1 |a陳|b之藩|4
702 __ |a|b|4
801 _0 |acw|bCCU|c19960302|gCCR
801 _2 |acw|bTUL|c20000711
856 __ |uhttp://www.fareast.com.tw/|z遠東圖書公司|2http
|